00301nam a2200121Ia 4500008004100000100003400041245002500075260003200100300000800132650001500140942000700155999001700162190216s9999||||xx |||||||||||||| ||und|| aAkkitham Achyuthan Namboodiri 0aVennakkallinte Katha bPoorna Pubs Kozhikodec1974 a76p aKavithakal cBK c25122d25122